Rubber seed oil (Record no. 47633)

MARC details
000 -LEADER
fixed length control field 00275nam a2200121Ia 4500
100 ## - MAIN ENTRY--AUTHOR NAME
Personal name Stevens H P
245 #0 - TITLE STATEMENT
Title Rubber seed oil
520 ## - SUMMARY, ETC.
Summary, etc (citn only)
650 ## - SUBJECT ADDED ENTRY--TOPICAL TERM
Topical Term Rubber seed
650 ## - SUBJECT ADDED ENTRY--TOPICAL TERM
Topical Term Rubber seed oil
942 ## - ADDED ENTRY ELEMENTS (KOHA)
Koha item type Bibliography RLSE
Holdings
Withdrawn status Lost status Damaged status Not for loan Home library Current library Date acquired Koha item type
      Bibliography RRII Library RRII Library 31/12/2021 Bibliography RLSE